000 00524nam a2200169Ia 4500
003 IN-BaIIA
008 211028s9999 xx s 000 0 eng d
020 _a9781510619456 (Print)
020 _a9781510619463  (Online)
040 _cIIA Library
100 _aAsimellis, George
_940951
245 0 _aGeometrical Optics: Lectures in Optics, Volume 2
_h[eBook]
260 _aWashington, USA
_bSPIE
_c2020
300 _aOnline resource
856 _uhttps://doi.org/10.1117/3.2506310
_yClick Here to Access eBook
942 _cEB
999 _c22257
_d22257